000 00483nam a2200169 i 4500
001 88162
003 ES-MaACL
005 20230906175819.0
007 t|
008 050103s1958 sp ||||1| spa d
100 1 _aLagoma, Alfonso.
_969591
245 1 0 _aReparación y ajuste de receptores de televisión /
_cpor Alfonso Lagoma.
250 _a1ª ed.
260 _aBarcelona :
_bJuan Bruguer,
_c1958.
300 _a207 p. :
_bil. ;
_c22 cm.
852 _aES-MaACL
_jC-14118
_bR.41662
999 _c88162
_d88162